Pride : (Record no. 119743)
[ view plain ]
| 000 -LEADER | |
|---|---|
| fixed length control field | 01949cam a22003614a 4500 |
| 001 - CONTROL NUMBER | |
| control field | 14246823 |
| 003 - CONTROL NUMBER IDENTIFIER | |
| control field | ARRUPE |
| 005 - DATE AND TIME OF LATEST TRANSACTION | |
| control field | 20140516020004.0 |
| 008 - FIXED-LENGTH DATA ELEMENTS--GENERAL INFORMATION | |
| fixed length control field | 060130s2006 nyu 000 0 eng |
| 010 ## - LIBRARY OF CONGRESS CONTROL NUMBER | |
| LC control number | 2006002977 |
| 015 ## - NATIONAL BIBLIOGRAPHY NUMBER | |
| National bibliography number | GBA631831 |
| Source | bnb |
| 016 7# - NATIONAL BIBLIOGRAPHIC AGENCY CONTROL NUMBER | |
| Record control number | 013426378 |
| Source | Uk |
| 020 ## - INTERNATIONAL STANDARD BOOK NUMBER | |
| International Standard Book Number | 0824523911 (alk. paper) |
| 020 ## - INTERNATIONAL STANDARD BOOK NUMBER | |
| International Standard Book Number | 9780824523916 |
| 035 ## - SYSTEM CONTROL NUMBER | |
| System control number | (OCoLC)ocm63390494 |
| 040 ## - CATALOGING SOURCE | |
| Original cataloging agency | DLC |
| Transcribing agency | DLC |
| Modifying agency | DLC |
| 042 ## - AUTHENTICATION CODE | |
| Authentication code | pcc |
| 050 00 - LIBRARY OF CONGRESS CALL NUMBER | |
| Classification number | BV4627.P7 |
| Item number | B53 2006 |
| 082 00 - DEWEY DECIMAL CLASSIFICATION NUMBER | |
| Classification number | 241/.3 |
| Edition number | 22 |
| 300 ## - PHYSICAL DESCRIPTION | |
| Dimensions | 21 cm. |
| 100 1# - MAIN ENTRY--PERSONAL NAME | |
| Personal name | Blackwell, John, |
| Dates associated with a name | 1953- |
| 9 (RLIN) | 7202 |
| 245 10 - TITLE STATEMENT | |
| Title | Pride : |
| Remainder of title | how hospitality and humility overcome the first deadly sin / |
| Statement of responsibility, etc | John N. Blackwell. |
| 260 ## - PUBLICATION, DISTRIBUTION, ETC. (IMPRINT) | |
| Place of publication, distribution, etc | New York : |
| Name of publisher, distributor, etc | Crossroad Pub. Co., |
| Date of publication, distribution, etc | c2006. |
| 300 ## - PHYSICAL DESCRIPTION | |
| Extent | 160 p. ; |
| 440 #2 - SERIES STATEMENT/ADDED ENTRY--TITLE | |
| Title | A series of unexpected reflections on the seven deadly sins ; |
| Volume number/sequential designation | 2 |
| 9 (RLIN) | 7203 |
| 505 0# - FORMATTED CONTENTS NOTE | |
| Formatted contents note | The Lord of the rings -- Air of superiority -- Taking inventory -- The snake -- An illusion of invincibility -- The forbidden tree -- God's hospitality -- Head and root -- First test-pushing the limits -- Second test-celebrity -- Third test-power -- Greek hospitality -- Hubris -- Trampling tapestries -- The black hole -- The art of humility -- Taking offense -- Control freak -- The wine of flattery -- A league of my own -- Implementing humility -- Dred Scot -- "Strange fruit" -- Presidential paradox -- Consequences -- Playing God -- Living water -- Tea with God -- Sustaining humility -- Dignity, dialogue, and Sophia. |
| 650 #0 - SUBJECT ADDED ENTRY--TOPICAL TERM | |
| Topical term or geographic name as entry element | Pride and vanity. |
| 9 (RLIN) | 7204 |
| 650 #0 - SUBJECT ADDED ENTRY--TOPICAL TERM | |
| Topical term or geographic name as entry element | Hospitality |
| General subdivision | Religious aspects |
| -- | Christianity. |
| 9 (RLIN) | 7205 |
| 650 #0 - SUBJECT ADDED ENTRY--TOPICAL TERM | |
| Topical term or geographic name as entry element | Humility |
| General subdivision | Religious aspects |
| -- | Christianity. |
| 9 (RLIN) | 7206 |
| 856 41 - ELECTRONIC LOCATION AND ACCESS | |
| Materials specified | Table of contents only |
| Uniform Resource Identifier | <a href="http://www.loc.gov/catdir/toc/ecip067/2006002977.html">http://www.loc.gov/catdir/toc/ecip067/2006002977.html</a> |
| 906 ## - LOCAL DATA ELEMENT F, LDF (RLIN) | |
| a | 7 |
| b | cbc |
| c | orignew |
| d | 1 |
| e | ecip |
| f | 20 |
| g | y-gencatlg |
| 942 ## - ADDED ENTRY ELEMENTS (KOHA) | |
| Source of classification or shelving scheme | Library of Congress Classification |
| Koha item type | Monograph ( Printed materials) |
| Koha issues (borrowed), all copies | 2 |
| Withdrawn status | Lost status | Source of classification or shelving scheme | Damaged status | Not for loan | Collection code | Home library | Current library | Shelving location | Date acquired | Total Checkouts | Full call number | Barcode | Date last seen | Date checked out | Price effective from | Koha item type |
|---|---|---|---|---|---|---|---|---|---|---|---|---|---|---|---|---|
| Library of Congress Classification | Main Collection | ARRUPE LIBRARY | ARRUPE LIBRARY | Main Collection | 29/01/2014 | 2 | BV4627.P7 B53 2006 | 464123506 | 24/01/2017 | 15/05/2014 | 29/01/2014 | Monograph ( Printed materials) |